Loading...
| Philosophy | 0 | 10 | 0 | 0 | 100 | 66 | 93.40 | 0 | 4 | 0.00 | 0.00 |
| History - World | 0 | 6 | 0 | 1 | 60 | 120 | 135.83 | 0 | 0 | 0.00 | 0.00 |
| Fine Arts - Other | 0 | 6 | 0 | 0 | 60 | 67 | 124.00 | 0 | 0 | 0.00 | 0.00 |
| History - American | 0 | 6 | 1 | 3 | 55 | 96 | 132.17 | 0 | 0 | 0.00 | 0.00 |
| History - Other | 0 | 5 | 1 | 2 | 45 | 97 | 122.00 | 0 | 0 | 0.00 | 0.00 |
| Literature - World | 0 | 4 | 0 | 1 | 40 | 127 | 143.75 | 0 | 0 | 0.00 | 0.00 |
| Fine Arts - Classical Music | 0 | 2 | 0 | 0 | 20 | 45 | 98.50 | 1 | 1 | 0.00 | 0.00 |
| Mythology | 0 | 1 | 0 | 0 | 10 | 140 | 140.00 | 0 | 0 | 0.00 | 0.00 |
| Religion | 0 | 1 | 0 | 0 | 10 | 108 | 108.00 | 0 | 0 | 0.00 | 0.00 |
| Fine Arts - Painting & Sculpture | 0 | 1 | 0 | 0 | 10 | 132 | 132.00 | 0 | 0 | 0.00 | 0.00 |
| Other Academic | 0 | 1 | 0 | 0 | 10 | 72 | 72.00 | 1 | 1 | 0.00 | 0.00 |
| Social Science | 0 | 1 | 1 | 1 | 5 | 126 | 126.00 | 0 | 0 | 0.00 | 0.00 |
| History - European | 0 | 1 | 1 | 0 | 5 | 138 | 138.00 | 0 | 0 | 0.00 | 0.00 |
| Literature - British | 0 | 1 | 1 | 0 | 5 | 100 | 100.00 | 0 | 0 | 0.00 | 0.00 |
| Literature - European | 0 | 1 | 1 | 0 | 5 | 132 | 132.00 | 0 | 0 | 0.00 | 0.00 |
| Science - Other | 0 | 0 | 0 | 0 | 0 | 0.00 | 0 | 0 | 0.00 | 0.00 |